书目信息 |
| 题名: |
打造最美的教室
|
|
| 作者: | 洪耀伟 编著 | |
| 分册: | ||
| 出版信息: | 上海 华东师范大学出版社 2020.12 |
|
| 页数: | 272页 | |
| 开本: | 23cm | |
| 丛书名: | 大夏书系 | |
| 单 册: | ||
| 中图分类: | G481 | |
| 科图分类: | ||
| 主题词: | 教室--室内布置 | |
| 电子资源: | ||
| ISBN: | 978-7-5760-1032-9 | |
| 000 | 01051nam0 2200301 45 | |
| 001 | 012001004054 | |
| 005 | 20140926104303.0 | |
| 010 | @a978-7-5760-1032-9@dCNY52.00 | |
| 100 | @a20210223d2020 em y0chiy0110 ea | |
| 101 | 0 | @achi |
| 102 | @aCN@b310000 | |
| 105 | @aa z 000yy | |
| 106 | @ar | |
| 200 | 1 | @a打造最美的教室@Ada zao zui mei di jiao shi@e教室环境布置创意设计与典型案例@f洪耀伟编著 |
| 210 | @a上海@c华东师范大学出版社@d2020.12 | |
| 215 | @a272页@c彩照@d23cm | |
| 225 | 2 | @a大夏书系@i教育艺术 |
| 300 | @a其他题名:教室环境布置创意设计与典型案例 | |
| 330 | @a本书旨在手把手指导基层班主任进行教室环境文化布置。针对操作过程中老师所遇到的真实问题与需求,分任务、分步骤、分工具,揭示黑板、墙壁、门窗、讲台等空间进行布置时的小技巧。 | |
| 410 | 0 | @12001 @a大夏书系 |
| 461 | 0 | @12001 @a大夏书系 |
| 462 | 0 | @12001 @a教育艺术 |
| 517 | 1 | @a教室环境布置创意设计与典型案例 |
| 606 | 0 | @a教室@x室内布置 |
| 690 | @aG481@v5 | |
| 701 | 0 | @a洪耀伟@Ahong yao wei@4编著 |
| 801 | @aCN@bAHXH@c20210922 | |
| 905 | @b1329168-72@dG481@e13@f5 | |
| 打造最美的教室:教室环境布置创意设计与典型案例/洪耀伟编著.-上海:华东师范大学出版社,2020.12 |
| 272页:彩照;23cm.-(大夏书系.教育艺术) |
| 其他题名:教室环境布置创意设计与典型案例 |
| ISBN 978-7-5760-1032-9:CNY52.00 |
| 本书旨在手把手指导基层班主任进行教室环境文化布置。针对操作过程中老师所遇到的真实问题与需求,分任务、分步骤、分工具,揭示黑板、墙壁、门窗、讲台等空间进行布置时的小技巧。 |
| ● |
| 相关链接 |
|
|
|
|
正题名:打造最美的教室
索取号:G481/13
 
预约/预借
| 序号 | 登录号 | 条形码 | 馆藏地/架位号 | 状态 | 备注 |
| 1 | 1329168 | 213291686 | 第一样本阅览室/ [索取号:G481/13] | 在馆 | |
| 2 | 1329169 | 213291695 | 教育系资料室/ [索取号:G481/13] | 在馆 | |
| 3 | 1329170 | 213291702 | 教育系资料室/ [索取号:G481/13] | 在馆 | |
| 4 | 1329171 | 213291711 | 第四借阅区/ [索取号:G481/13] | 在馆 | |
| 5 | 1329172 | 213291720 | 第四借阅区/ [索取号:G481/13] | 在馆 |